| 000 | 01185nam a2200253 a 4500 | ||
|---|---|---|---|
| 001 | 78829 | ||
| 003 | BD-RjUL | ||
| 005 | 20220125100440.0 | ||
| 008 | 211120s1975 ua b 001 0 ara d | ||
| 035 | _a(BD-RjUL) | ||
| 040 |
_aCU _cCU _dMH _dCStRLIN _dUkOxU _beng |
||
| 041 | _aara | ||
| 082 |
_223 _a297.09 _bAMF 1975 |
||
| 100 | 1 |
_aأمين، أحمد.;; Amīn, Aḥmad, _d1886-1954. _9250227 |
|
| 245 | 1 | 0 |
_aفجر الإسلام ;; Fajr al-Islām :يبحث عن الحياة العقلية في صدر الإسلام إلى آخر الدولة الأموية ;; yabḥathu ʿan al-hayāh al-ʿaqlīyah fī ṣadr al-Islām ilá ākhir al-dawlah al-Umawīyah / _cتأليف أحمد أمين. ;; taʼlīf Aḥmad Amīn. |
| 250 | _aal-Ṭabʿah 11 | ||
| 260 |
_aal-Qāhirah ;; القاهرة : _bمكتبة النهضة المصرية،;; Maktabat al-Nahḍah al-Miṣrīyah, _c1975 |
||
| 300 |
_a332 p. ; _c24 cm. |
||
| 500 | _aAt head of title: Lajnat al-Taʼlīf wa-al-Tarjamah wa-al-Nashr. | ||
| 504 | _aIncludes bibliographical references (p. 304) and indexes. | ||
| 650 | 0 |
_aIslamic civilization. _9250228 |
|
| 651 | 0 |
_aArabian Peninsula _xHistory. _9250229 |
|
| 942 |
_2ddc _cBK |
||
| 999 |
_c78829 _d78829 |
||